000 00853nam a22002297a 4500
999 _c564
_d564
003 AR-CdUCM
008 190225b ||||| |||| 00| 0 spa d
040 _aMUNICIPALIDAD PROVINCIAL DEL CUSCO
_cBIBLIOTECA MUNICIPAL DEL CUSCO
082 _a335.441 /
_bL44
100 _aLenin, Vladimir Ilich
_92193
245 _aSobre el problema de los mercados /
260 _aLima :
_bEdiciones Populares,
_c1992.
300 _a251 páginas ;
_c18 cm.
505 _aA propósito del llamado problema de los mercados -- Para una caracterización del romanticismo económico -- Las teorías económicas del romanticismo ...
650 _aPolítica económica.
_91407
650 _aRusia.
_9499
650 _aLiberalismo.
_91985
700 _aLenin, Vladimir Ilich
_92193
700 _aClaudín, Fernando
_92194
942 _2ddc
_cLIBROS
945 _amvr
_d2019-02-25